Statistics for Countries That Share A Language

Click here to take the quiz!

General Stats

  • This quiz has been taken 59 times
  • The average score is 14 of 15

Answer Stats

CountryCountryCountryShared Language% Correct
SingaporeTaiwanXXXXXXXXXChinese | Mandarin
100%
NetherlandsBelgiumSurinameDutch
100%
MonacoBurundi Ivory CoastFrench
100%
Equatorial GuineaUruguayArgentinaSpanish
100%
PhilippinesPakistanNigeriaEnglish
98%
LiechtensteinLuxembourgSwitzerlandGerman
98%
SwitzerlandSan MarinoVatican CityItalian
98%
KazakhstanBelarusKyrgyzstanRussian
96%
AngolaEast TimorGuinea-BissauPortuguese
93%
AfghanistanTajikistanIranPersian | Tajik Persian | Dari Persian
91%
BosniaMontenegroKosovoSerbo-{Croatian}
91%
ComorosSomaliaDjiboutiArabic
88%
RwandaUgandaDRCSwahili
79%
Sri LankaIndiaSingaporeTamil
68%
PeruBoliviaEcuadorQuechua
50%

Score Distribution

Percentile by Number Answered

Percent of People with Each Score

Your Score History

You have not taken this quiz